000
00249nam a2200109Ia 4500
008
230320s9999||||xx |||||||||||||| ||spa||
082
_a
401/V86
100
_a
Vosseler, Karl
245
0
_a
FilosofĂa Del Lenguaje
260
_b
Losada
942
_8
0
_c
LIB
999
_c
29272
_d
29272